| 000 | 00545nam a2200181Ia 4500 | ||
|---|---|---|---|
| 003 | GCL | ||
| 008 | 140319s9999 xx 000 0 eng d | ||
| 040 |
_aGCL / _cGCL |
||
| 082 | 0 | 4 |
_a355.03305694 _bA S |
| 100 | 1 | _aARIAN, ASHER | |
| 245 | 1 | 0 |
_aSECURITY THREATENED: SURVEYING ISRAELI OPINION ON PEACE AND WAR / _cARIAN, ASHER |
| 260 |
_a[S.N] : _bCAMBRIDGE UNIVERSITY PRESS ، _c1995 |
||
| 300 | _a308 P | ||
| 650 | 0 | 4 | _aNATIONAL SECURITY - ISRAEL |
| 650 | 0 | 4 | _aISRAEL - MILITARY POLICY |
| 650 | 0 | 4 | _aPUBLIC OPINION - ISRAEL |
| 942 |
_2ddc _cBK |
||
| 999 |
_c12941 _d12941 |
||